E-bussiness : (Registro nro. 11457)

Detalles MARC
000 -LEADER
fixed length control field 01011nam a2200277Ia 4500
003 - CONTROL NUMBER IDENTIFIER
control field OSt
005 - DATE AND TIME OF LATEST TRANSACTION
control field 20210407103111.0
008 - FIXED-LENGTH DATA ELEMENTS--GENERAL INFORMATION
fixed length control field 210310s2010 sp ado gr 000 0 spa d
020 ## - INTERNATIONAL STANDARD BOOK NUMBER
International Standard Book Number 9788490290040
040 ## - CATALOGING SOURCE
Original cataloging agency CO-JMCR
Transcribing agency CO-JMCR
041 0# - LANGUAGE CODE
Language code of text/sound track or separate title spa
082 04 - DEWEY DECIMAL CLASSIFICATION NUMBER
Classification number 658.84 /
Item number R462e
Edition number 23
100 1# - MAIN ENTRY--PERSONAL NAME
Personal name Reynolds, Jonathan,
Relator term autor
9 (RLIN) 25571
245 #0 - TITLE STATEMENT
Title E-bussiness :
Remainder of title una perspectiva de gestión /
Statement of responsibility, etc. Jonathan Reynolds
260 ## - PUBLICATION, DISTRIBUTION, ETC.
Place of publication, distribution, etc. Barcelona :
Name of publisher, distributor, etc. OUC,
Date of publication, distribution, etc. 2010
300 ## - PHYSICAL DESCRIPTION
Other physical details 678 páginas :
Extent ilustraciones, gráficas y fotografías en blanco y negro ;
Dimensions 24 cm.
490 0# - SERIES STATEMENT
Series statement Economía y empresa
500 ## - GENERAL NOTE
General note Datos biográficos del autor en solapa frontal.
504 ## - BIBLIOGRAPHY, ETC. NOTE
Bibliography, etc. note Bibliografía : páginas 657-659.
505 0# - FORMATTED CONTENTS NOTE
Formatted contents note El cambiante entorno del e-business. -- La aplicación de las tecnologías de e-businnes. -- La organización del e-businnes.
650 14 - SUBJECT ADDED ENTRY--TOPICAL TERM
Topical term or geographic name entry element Comercio.
9 (RLIN) 25573
650 24 - SUBJECT ADDED ENTRY--TOPICAL TERM
Topical term or geographic name entry element Comercio electrónico.
9 (RLIN) 1669
650 24 - SUBJECT ADDED ENTRY--TOPICAL TERM
Topical term or geographic name entry element Mercadeo.
9 (RLIN) 36674
650 24 - SUBJECT ADDED ENTRY--TOPICAL TERM
Topical term or geographic name entry element Negocios
9 (RLIN) 36675
942 ## - ADDED ENTRY ELEMENTS (KOHA)
Source of classification or shelving scheme Dewey Decimal Classification
Koha item type Books
Existencias
Withdrawn status Lost status Source of classification or shelving scheme Damaged status Not for loan Home library Current library Shelving location Date acquired Source of acquisition Full call number Barcode Date last seen Copy number Price effective from Koha item type
    Dewey Decimal Classification     Biblioteca Pública José María del Castillo y Rada Biblioteca Pública José María del Castillo y Rada General Stacks 04/15/2018 Donación 658.84 / R462e 430005071 05/16/2024 Ej.1 04/15/2018 Books